000 00458nam a22001817a 4500
003 koha_MIRAKIL
005 20231213065348.0
008 231213b |||||||| |||| 00| 0 ||| d
020 _b9-75748682-5
040 _aTR-IsEVY
_btur
_cTR-IsEVY
082 _a810 VAK/Ö
100 _aVAKKASOĞLU, VEHBİ.
245 0 _aÖĞRETMENİN NOT DEFTERİ 2.
260 _bCİHAN YAYINLARI,
_c2010
300 _a175.
650 _aTürk Edebiyatı.
942 _2ddc
_cBK
999 _c2384
_d2384